Frankly, Frannie : (Record no. 6090)

MARC details
000 -LEADER
fixed length control field 01080nam a22003017a 4500
001 - CONTROL NUMBER
control field 6090
003 - CONTROL NUMBER IDENTIFIER
control field FISKH
005 - DATE AND TIME OF LATEST TRANSACTION
control field 20250310112832.0
008 - FIXED-LENGTH DATA ELEMENTS--GENERAL INFORMATION
fixed length control field 250310b cb ||||| |||| 00| 0 eng d
020 ## - INTERNATIONAL STANDARD BOOK NUMBER
International Standard Book Number 9780545292825
040 ## - CATALOGING SOURCE
Original cataloging agency FISKH
Language of cataloging eng
Transcribing agency FISKH
Modifying agency FISKH
050 ## - LIBRARY OF CONGRESS CALL NUMBER
Classification number PZ7.S83818 D
082 ## - DEWEY DECIMAL CLASSIFICATION NUMBER
Classification number 309
100 ## - MAIN ENTRY--PERSONAL NAME
Personal name Stern, AJ
Dates associated with a name (1923–2022)
245 ## - TITLE STATEMENT
Title Frankly, Frannie :
Remainder of title Doggy day care /
Statement of responsibility, etc. By AJ Stern ; Illustrated by Doreen Mulryan Marts
250 ## - EDITION STATEMENT
Edition statement This edition first published in 2010
260 ## - PUBLICATION, DISTRIBUTION, ETC.
Place of publication, distribution, etc. New York :
Name of publisher, distributor, etc. Scholastic,
Date of publication, distribution, etc. 2010
300 ## - PHYSICAL DESCRIPTION
Extent 123 pages :
Other physical details illustrations ;
Dimensions 20 cm
505 ## - FORMATTED CONTENTS NOTE
Formatted contents note R<br/>
520 ## - SUMMARY, ETC.
Summary, etc. Frannie must rethink her dream of becoming a veterinarian after she and Elliott, her future assistant, cause chaos by letting her Aunt Magoo's dog, Bark, loose in a veterinarian's waiting room.'<br/>
521 8# - TARGET AUDIENCE NOTE
Target audience note 770<br/>
Source Lexile<br/>
521 8# - TARGET AUDIENCE NOTE
Target audience note R<br/>
Source Raz-Plus<br/>
650 ## - SUBJECT ADDED ENTRY--TOPICAL TERM
Source of heading or term Bigger Books
Topical term or geographic name entry element Frankly Frannie
650 ## - SUBJECT ADDED ENTRY--TOPICAL TERM
Source of heading or term Frannie Series
Topical term or geographic name entry element Impulsive behavior
700 ## - ADDED ENTRY--PERSONAL NAME
Personal name Marts, Mulryan Doreen
Dates associated with a name illustrator
942 ## - ADDED ENTRY ELEMENTS (KOHA)
Source of classification or shelving scheme Dewey Decimal Classification
Koha item type Books
Suppress in OPAC No
Holdings
Withdrawn status Lost status Source of classification or shelving scheme Damaged status Not for loan Collection Home library Current library Shelving location Date acquired Total Checkouts Full call number Barcode Date last seen Copy number Price effective from Koha item type
    Dewey Decimal Classification     Juvenile Fiction Footprints International School Library Network Toul Tom Poung Campus Footprints International School Library Network Toul Tom Poung Campus TTP Primary Orange Bookshelves 03/10/2025   STE 309 PZ7.S83818 D 2025-0770 03/10/2025 1 03/10/2025 Books